Statistics for Top 500 Marvel Heroes

Click here to take the quiz!

General Stats

  • This quiz has been taken 263 times
  • The average score is 126 of 500

Answer Stats

RankCharacter Name% Correct
5Hulk (Bruce Banner)
99%
2Iron Man (Tony Stark)
99%
44Spider-Man (Miles Morales)
98%
1Spider-Man (Peter Parker)
98%
3Captain America (Steve Rogers)
96%
174Thor (Jane Foster)
95%
4Thor Odinson
94%
166M (Monet St. Croix)
93%
41Hawkeye (Clint Barton)
90%
138Hawkeye (Kate Bishop)
90%
6Wolverine (James Howlett)
89%
27Black Panther (T'Challa)
88%
40Black Widow (Natasha Romanoff)
88%
26Captain Marvel (Carol Danvers)
85%
34Doctor Strange (Stephen Strange)
85%
65Captain Marvel (Mar-Vell)
84%
24Ant-Man (Hank Pym)
83%
39Ant-Man (Scott Lang)
83%
37Deadpool (Wade Wilson)
82%
9Human Torch (Johnny Storm)
82%
7Mister Fantastic (Reed Richards)
82%
29Gamora
81%
32Groot
81%
11Professor X (Charles Xavier)
81%
28Star-lord (Peter Quill)
81%
10Thing (Ben Grimm)
81%
25Wasp (Janet Van Dyne)
81%
145Wasp (Nadia Van Dyne)
81%
43Scarlet Witch (Wanda Maximoff)
80%
53Winter Soldier (Bucky Barnes)
80%
180Human Torch (Jim Hammond)
79%
8Invisible Woman (Susan Storm)
79%
50Quicksilver (Pietro Maximoff)
79%
12Cyclops (Scott Summers)
78%
238Falcon (Joaquin Torres)
78%
54Falcon (Sam Wilson)
78%
42Vision
78%
52War Machine (James Rhodes)
78%
22Daredevil (Matt Murdock)
77%
63She-Hulk (Jennifer Walters)
77%
30Drax (Arthur Douglas)
76%
13Phoenix (Jean Grey)
75%
57Iron Fist (Danny Rand)
74%
14Beast (Hank McCoy)
73%
17Storm (Ororo Munroe)
73%
56Luke Cage (Carl Lucas)
72%
207Agent Venom (Flash Thompson)
71%
66Nick Fury
71%
15Iceman (Bobby Drake)
69%
19Colossus (Piotr Rasputin)
67%
23Punisher (Frank Castle)
67%
36Ms. Marvel (Kamala Khan)
66%
70Moon Knight (Marc Spector)
65%
18Nightcrawler (Kurt Wagner)
65%
45Spider-Gwen (Gwen Stacy)
65%
21Rogue (Anna Marie)
64%
31Rocket Raccoon
63%
35Silver Surfer (Norrin Radd)
63%
99Spider-Woman (Jessica Drew)
63%
334Spider-Woman (Mattie Franklin)
63%
148Wong
62%
33Mantis
61%
58Jewel (Jessica Jones)
60%
181Shuri
59%
100Adam Warlock
58%
20Shadowcat (Kitty Pryde)
58%
46Cable (Nathaniel Summers)
57%
38Namor the Sub-Mariner (Namor McKenzie)
57%
16Angel (Warren Worthington III)
56%
103Black Bolt (Blackagar Boltagon)
56%
49Elektra Natchios
56%
358Rescue (Pepper Potts)
56%
78Shang-Chi
56%
79Gambit (Remy LeBeau)
55%
135Red Hulk (Thaddeus Ross)
55%
48X-23 (Laura Kinney)
54%
115Captain Britain (Brian Braddock)
53%
379Nova (Frankie Raye)
53%
111Nova (Richard Rider)
53%
112Nova (Sam Alexander)
53%
47White Queen (Emma Frost)
53%
71Blade (Eric Brooks)
51%
64Valkyrie (Brunnhilde)
51%
59Psylocke (Elizabeth Braddock)
50%
162Heimdall
49%
157Sif
49%
274Yondu Udonta
49%
67Maria Hill
48%
104Medusa (Medusalith Amaquelin)
48%
80Havok (Alex Summers)
47%
129Hercules Panhellenios
47%
84Jubilee (Jubilation Lee)
47%
93Bishop (Lucas Bishop)
46%
86Domino (Neena Thurman)
46%
90Magik (Illyana Rasputina)
46%
172Spider-Girl (May Parker)
46%
113Cloak (Tyrone Johnson)
44%
114Dagger (Tandy Bowen)
44%
73Howard the Duck (Howard Duckson)
44%
116Wonder Man (Simon Williams)
44%
121Spider-Man 2099 (Miguel O'Hara)
43%
141Asgardian (William Kaplan)
42%
392Okoye
42%
88Sunspot (Roberto De Costa)
42%
117Black Knight (Dane Whitman)
41%
72Man-Thing (Ted Sallis)
41%
173Spider-Ham (Peter Porker)
41%
82Banshee (Sean Cassidy)
40%
109Lockjaw
40%
127Sentry (Robert Reynolds)
40%
119Sersi
40%
146Speed (Thomas Sheppard)
40%
123Squirrel Girl (Doreen Green)
40%
214White Tiger (Angela del Toro)
40%
215White Tiger (Ava Ayala)
40%
213White Tiger (Hector Ayala)
40%
140Hulkling (Theodore Altman)
39%
176Peggy Carter
39%
89Cannonball (Samuel Guthrie)
38%
224Ikaris
38%
281Red She-Hulk (Betty Ross)
38%
110Spectrum (Monica Rambeau)
38%
126Wolfsbane (Rahne Sinclair)
38%
147Ancient One (Yao)
37%
299Cosmo
37%
108Crystal (Crystalia Amaquelin)
37%
118Tigra (Greer Nelson)
37%
83Polaris (Lorna Dane)
36%
131Quasar (Phyla-Vell)
36%
156Goliath (Bill Foster)
35%
124Ironheart (Riri Williams)
35%
139Miss America (America Chavez)
35%
132Mockingbird (Bobbi Morse)
35%
267Quake (Daisy Johnson)
35%
101U.S. Agent (John Walker)
35%
175Phil Coulson
34%
262Hyperion (Marcus Milton)
33%
407Iron Patriot (Toni Ho)
33%
297Korg
33%
74Scarlet Spider (Ben Reilly)
33%
155Spider-Man Noir (Peter Parker)
33%
161Volstagg
33%
97Warpath (James Proudstar)
33%
87Dazzler (Alison Blaire)
32%
128Moondragon (Heather Douglas)
32%
130Quasar (Wendall Vaughn)
32%
422Sprite
32%
163Beta-Ray Bill
31%
165Darwin (Armando Munoz)
31%
85Forge
31%
208Kaine Parker
31%
143Patriot (Elijah Bradley)
31%
285Patriot (Rayshaun Lucas)
31%
168Patsy Walker
31%
137Stature (Cassie Lang)
31%
125Mirage (Dani Moonstar)
30%
420Thena
30%
259Warlock
30%
159Fandral
29%
51Gwenpool (Gwen Poole)
29%
102A-Bomb (Rick Jones)
28%
177Agent 13 (Sharon Carter)
28%
62Echo (Maya Lopez)
28%
454Giant-Man (Raz Malhotra)
28%
160Hogun
28%
106Karnak Mander-Azur
28%
75Ka-Zar (Kevin Plunder)
28%
204Madame Web (Julia Carpenter)
28%
185Speedball (Robby Baldwin)
28%
122Werewolf by Night (Jack Russell)
28%
335White Widow (Yelena Belova)
28%
270Elsa Bloodstone
27%
153Gilgamesh
27%
105Gorgon Petragon
27%
190Guardian (James Hudson)
27%
91Multiple Man (Jamie Madrox)
27%
133Songbird (Melissa Gold)
27%
329Blink (Clarice Ferguson)
26%
184Firestar (Angelica Jones)
26%
220Legacy (Genis-Vell)
26%
227Skaar
26%
152Starfox (Eros)
26%
219Stingray (Walter Newell)
26%
333Sunfire (Mariko Yashida)
26%
81Sunfire (Shiro Yoshida)
26%
98Dum Dum Dugan (Timothy Dugan)
25%
61Misty Knight
25%
107Triton
25%
144Amadeus Cho
24%
68Franklin Richards
24%
136Iron Lad (Nathaniel Richards)
24%
60Lockheed
24%
183Longshot
24%
167Swordsman (Jacques Duquesne)
24%
433Swordsman (Philip Javert)
24%
421Ajak
23%
94Armor (Hisako Ichiki)
23%
359Blue Marvel (Adam Brashear)
23%
298Miek
23%
344Captain Universe (various)
22%
170Clea
22%
251Cypher (Douglas Ramsey)
22%
241Devil Dinosaur
22%
253Hope Summers
22%
232Makkari
22%
330Mimic (Calvin Rankin)
22%
187Namorita Prentiss
22%
194Sasquatch (Walter Langkowski)
22%
96Thunderbird (John Proudstar)
22%
391Thunderbird (Neal Shaara)
22%
120Darkhawk (Christopher Powell)
21%
424Phastos
21%
236Pixie (Megan Gwynn)
21%
199Puck (Eugene Judd)
21%
55Redwing
21%
249Shatterstar (Gaveedra Seven)
21%
222Silver Sable (Silvija Sabliniva)
21%
366Spider-Punk (Hobbie Brown)
21%
169Yellow Jacket (Rita DeMara)
21%
150Jocasta
20%
264Machine Man (Aaron Stack)
20%
331Morph (Kevin Sydney)
20%
205Silk (Cindy Moon)
20%
321Big Bertha (Ashley Crawford)
19%
92Boom-Boom (Tabitha Smith)
19%
300Colleen Wing
19%
423Kingo Sunen
19%
243Moon Girl (Lunella Lafayette)
19%
308Namora (Aquaria Neptunia)
19%
195Northstar (Jean-Paul Beaubier)
19%
260Power Man (Victor Alvarez)
19%
390Two-Gun Kid (Matthew Hawk)
19%
154Union Jack (Brian Falsworth)
19%
76Zabu
19%
192Aurora (Jeanne-Marie Beaubier)
18%
95Marrow (Sarah)
18%
248Strong Guy (Guido Carosella)
18%
3603D Man (Charles Chandler)
17%
408Corsair (Christopher Summers)
17%
134Dust (Sooraya Qadir)
17%
151Fantomex (Charlie Cluster-7)
17%
230Husk (Paige Guthrie)
17%
226Jack of Hearts (Jonathan Hart)
17%
186Justice (Vance Astrovik)
17%
210Karma (Xuan Cao Manh)
17%
245Lightspeed (Julie Power)
17%
211Magma (Amara Aquilla)
17%
226Night Hawk (Kyle Richmond)
17%
182Rachel Summers
17%
179Siryn (Theresa Cassidy)
17%
258SP//dr (Peni Parker)
17%
158Balder the Brave
16%
268Deathlok (various)
16%
142Marvel Boy (Noh-Varr)
16%
320Mr. Immortal (Craig Hollis)
16%
188Night Thrasher (Dwayne Taylor)
16%
77Shanna O'Hare
16%
273Starhawk (Stakar Ogord)
16%
202Whizzer (Robert Frank)
16%
164Doc Samson (Leonard Samson)
15%
283Firebird (Bonita Juarez)
15%
322Flat Man (Val Ventura)
15%
235Kid Omega (Quentin Quire)
15%
228Rockslide (Santo Vaccarro)
15%
191Snowbird (Narya)
15%
280Thunderstrike (Eric Masterson)
15%
171Sage
14%
193Shaman (Michael Twoyoungmen)
14%
229Anole (Victor Borkowski)
13%
252Beak (Barnell Bohusk)
13%
198Box (Madison Jeffries)
13%
197Box (Roger Bochs)
13%
275Charlie-27
13%
399Doop
13%
323Doorman (DeMarr Davis)
13%
409Hepzibah
13%
336Hit Monkey
13%
440Kid Colt (Blaine Colt)
13%
276Major Victory (Vance Astro)
13%
277Martinex T'Naga
13%
209Miss America (Madeline Joyce)
13%
393Nakia
13%
306Nomad (Jack Monroe)
13%
307Nomad (Rikki Barnes)
13%
349Reptil (Humberto Lopez)
13%
389Spitfire (Jacqueline Falsworth)
13%
149Stepford Cuckoos (Celeste, Esme, Irma, Phoebe, & Sophie Cuckoo)
13%
69Valeria Richards
13%
196Vindicator (Heather McNeil)
13%
294Zero (Kenji Uedo)
13%
303Battlestar (Lemar Hoskins)
12%
225Darkstar (Laynia Petrovna)
12%
271Demolition-Man (Dennis Dunphy)
12%
265Living Lightning (Miguel Santos)
12%
347Red Wolf (William Talltrees)
12%
301Stick
12%
216Feral (Maria Callasantos)
11%
242Moon Boy
11%
244Zero-G (Alex Power)
11%
314Baymax
10%
437Blazing Skull (Mark Todd)
10%
247Energizer (Katie Power)
10%
385Gorilla Man (Kenneth Hale)
10%
350Hazmat (Jenifer Takeda)
10%
325Meggan Puceanu
10%
257Mercury (Cessily Kincaid)
10%
332Nocturne (Talia Wagner)
10%
302Paladin
10%
313Surge (Norika Ashida)
10%
217Synch (Everett Thomas)
10%
254Atlas (Erik Josten)
9%
340Bling! (Roxanne Washington)
9%
324Dinah Soar
9%
223Doctor Nemesis (James Bradley)
9%
499Glob Herman (Robert Herman)
9%
426Goose
9%
310Joseph
9%
178Maverick (Christopher Nord)
9%
250Prodigy (David Alleyne)
9%
463Rom the Spaceknight
9%
304Wraith (Yuri Watanabe)
9%
455Bug
8%
239Callisto
8%
261Cecilia Reyes
8%
410Ch'od
8%
380Lifeguard (Heather Cameron)
8%
312Maggott (Japheth)
8%
263Manifold (Eden Fesi)
8%
200Marrina Smallwood
8%
246Mass Master (Jack Power)
8%
278Nikki (Nicholette Gold)
8%
382Phantom Rider (Carter Slade)
8%
417Phat (William Robert Reilly)
8%
438Rawhide Kid (Jonathan Clay)
8%
189Silhouette Chord
8%
363Sleepwalker
8%
369Smasher (Isabel Kane)
8%
343Spider-Man India (Pavitr Prabhakar)
8%
345Starbrand (Kevin Connor)
8%
403Throg (Simon Walterson)
8%
296Thundra
8%
377Toro (Thomas Raymond)
8%
212Viv Vision
8%
203Agatha Harkness
7%
339Blindfold (Ruth Aldine)
7%
498Cloud 9 (Abigail Boylen)
7%
255Flint (Jaycen)
7%
372Ink (Eric Gitter)
7%
286Loa (Alani Ryan)
7%
462Masque (Giuletta Nefaria)
7%
346Nightmask (Adam Blackveil)
7%
272Petra
7%
287She-Thing (Sharon Ventura)
7%
282Silverclaw (Maria de Guatalupe Santiago)
7%
460Trance (Hope Abbott)
7%
206Abigail Brand
6%
279Aleta Ogord
6%
351Finesse (Jeanne Foucault)
6%
388Gravity (Greg Willis)
6%
231Inferno (Dante Pertuz)
6%
375Jack Flag (Jack Harrison)
6%
361Jackpot (Alana Jobson)
6%
266Lionheart (Kelsey Leigh)
6%
396Mainframe
6%
352Mettle (Ken Mack)
6%
290Oya (Idie Okonkwo)
6%
402Pod (Aikku Jokinen)
6%
357Shark-Girl (Iara Dos Santos)
6%
370Singularity
6%
428Slapstick (Steven Harmon)
6%
353Striker (Brandon Sharpe)
6%
461Sway (Suzanne Chan)
6%
201Talisman (Elizabeth Twoyoungmen)
6%
401Turbo (Michiko Musashi)
6%
295Arana (Anya Corazon)
5%
394Chase Stein
5%
289Deathcry (Sharra Neramani)
5%
237Frenzy (Joanna Cargill)
5%
383Jimmy Woo
5%
341Krugarr
5%
327N'Kantu the Living Mummy
5%
291Primal (Teon Macik)
5%
404Slingshot (Elena Rodriguez)
5%
490Synapse (Emily Guerrero)
5%
342Talon
5%
378Thor Girl (Tarene)
5%
292Transonic (Laurie Tromette)
5%
416U-Go Girl (Edith Sawyer)
5%
373Vampire by Night (Nina Price)
5%
386Venus (Victoria Starr)
5%
395American Dream (Shannon Carter)
4%
470American Eagle (Jason Strongbow)
4%
284Captain Ultra (Griffin Gogol)
4%
442Gauntlet (Joseph Green)
4%
316Go-Go (Leiko Tanaka)
4%
315Hiro Hamada
4%
317Honey Lemon (Aiko Miyazaki)
4%
371Jonas Graymalkin
4%
337Mach-X (Abner Jenkins)
4%
348Rintrah
4%
309Warbird (Ava'Dara Naganandini)
4%
419Anarchist (Tike Alicar)
3%
474Arabian Knight (Abdul Qamar)
3%
477Armory (Violet Lightner)
3%
436Blonde Phantom (Louise Grant)
3%
481Comet (Harris Moore)
3%
451Dakota North
3%
493El Aguila (Alejandra Montoya)
3%
480Enigma (Tara Virango)
3%
441Excalibur (Faiza Hussain)
3%
412Fat Cobra
3%
319Fredzilla (Frederick Frederickson IV)
3%
387Human Robot (M-11)
3%
425Jolt (Helen Takahama)
3%
427Killraven (Jonathan Raven)
3%
221Lyja the Laserfist
3%
434Magdalene (Marissa Darrow)
3%
431Outlaw (Inez Temple)
3%
487Pathway (Laura Dean)
3%
456Portal (Charles Little Sky)
3%
233Red Dagger (Kareem)
3%
218Red Raven
3%
338Replica
3%
450Sabra (Ruth Bat-Seraph)
3%
356Shooting Star (Victoria Star)
3%
381Slipstream (Davis Cameron)
3%
432Snowguard (Amka Aliyak)
3%
376Solo (James Bourne)
3%
362Spider-UK (Billy Braddock)
3%
483Sun Girl (Mary Mitchell)
3%
400Torpedo (Brock Jones)
3%
288Ultragirl (Susanna Sherman)
3%
269Ulysses Bloodstone
3%
311Vanguard (Nikolai Krylenko)
3%
354Veil (Madeline Berry)
3%
293Velocidad (Gabriel Cohuelo)
3%
418Venus Dee Milo (Dee Milo)
3%
318Wasabi-No-Ginger
3%
492White Fox (Ami Han)
3%
365Wind Dancer (Sofia Mantega)
3%
444Anthem (Henry Hellrung)
2%
446Aralune (Rebecca Ryan)
2%
496Black Crow (Jesse Black Crow)
2%
374Bombshell (Lana Baumgartner)
2%
447Calamity (James Wa)
2%
406Cardiac (Elias Wortham)
2%
476Chat (Sophia Sanduval)
2%
305Cluster (Charlie Cluster-7)
2%
482Comet Man (Stephen Beckley)
2%
452Diamond Lil (Lillian Crawley)
2%
494Free Spirit (Cathy Webster)
2%
486Goblyn Dean
2%
497Iron Cross (Clare Gruler)
2%
429Iso (Xiaoyi Chen)
2%
397J2 (Zane Yama)
2%
478Kid Kaiju (Kai Kawade)
2%
443Komodo (Melati Kusuma)
2%
398Lady Deadpool (Wanda Wilson)
2%
414Miss Thing (Darla Deering)
2%
415Mister Sensitive (Guy Smith)
2%
405Monica Chang
2%
328Persuasion (Kara Killgrave)
2%
457Squid Boy (Samuel Pare)
2%
234Steel Spider (Oliver Osnick)
2%
355Texas Twister (Drew Daniels)
2%
439Thin Man (Bruce Dickson)
2%
459Timeslip (Rina Patel)
2%
445Veda (Magdalena Neuntauben)
2%
464Arcturus Rann
1%
453Blindspot (Samuel Chung)
1%
472Blitzkrieger (Franz Mittelstaedt)
1%
468Bride of Nine Spiders
1%
435Caledonia (Alysande Stuart)
1%
467Dog Brother (Sihing)
1%
484Fiery Mask (Jack Castle)
1%
489Geiger (Delilah Dearborn)
1%
411Hairball (Niels)
1%
473Hauptmann Deutschland (Markus Ettlinger)
1%
471Jazinda Kl'rt-Spawn
1%
413Lei-Kung
1%
465Marionette (Mari)
1%
458Microbe (Zachary Smith Jr.)
1%
240M-Twins (Claudette & Nicole St. Croix)
1%
449Mulholland Black
1%
256Naja
1%
479Network (Valerie Martin)
1%
466Prince of Orphans (John Aman)
1%
500Rubbermaid (Andrea Margulies)
1%
364Shola Inkose
1%
367Spider-Man 1602 (Peter Parquah)
1%
368Spider-Man 2211 (Max Borne)
1%
475Starling (Tiana Toomes)
1%
448Supernaut (Milo Fields)
1%
469Tiger's Beautiful Daughter (Li Hua)
1%
384Uranian (Robert Grayson)
1%
495Vagabond (Priscilla Lyons)
1%
488Wundarr the Aquarian
1%
430Red Locust (Fernanda Rodriguez)
0%
491Roz Solomon
0%
485Sibercat (Illich Lavrov)
0%

Score Distribution

Percentile by Number Answered

Percent of People with Each Score

Your Score History

You have not taken this quiz